भूल का थप्पड़ (Record no. 147958)

MARC details
000 -LEADER
fixed length control field 00461nam a2200145Ia 4500
008 - FIXED-LENGTH DATA ELEMENTS--GENERAL INFORMATION
fixed length control field 230917s9999||||xx |||||||||||||| ||und||
040 ## - CATALOGING SOURCE
-- 175893
Original cataloging agency VIVEKANANDA LIBRARY
041 ## - Language
-- English
082 ## - DDC NUMBER
Classification number 891.491503741 DR536BT
100 ## - MAIN ENTRY--PERSONAL NAME
Personal name धनखड़, राजबीर सिंह
245 #0 - TITLE STATEMENT
Title भूल का थप्पड़
260 ## - PUBLICATION, DISTRIBUTION, ETC. (IMPRINT)
Place of publication, distribution, etc नई दिल्ली
Name of publisher, distributor, etc लक्ष्मी प्रकाशन
Date of publication, distribution, etc 2008
300 ## - PHYSICAL DESCRIPTION
Pages 143 पृ. p.
942 ## - ADDED ENTRY ELEMENTS (KOHA)
Koha item type Hindi Books
Holdings
Withdrawn status Lost status Damaged status Not for loan Location (home branch) Sublocation or collection (holding branch) Date acquired Koha issues (times borrowed) Koha full call number Accession No. Koha date last seen Koha item type
        VIVEKANANDA LIBRARY VIVEKANANDA LIBRARY 30/12/2010   891.491503741 DR536BT 263551 17/09/2023 Hindi Books
        VIVEKANANDA LIBRARY VIVEKANANDA LIBRARY 30/12/2010 2 891.491503741 DR536BT 292458 01/04/2026 Hindi Books
        VIVEKANANDA LIBRARY VIVEKANANDA LIBRARY 30/12/2010   891.491503741 DR536BT 292459 17/09/2023 Hindi Books
        VIVEKANANDA LIBRARY VIVEKANANDA LIBRARY 30/12/2010 1 891.491503741 DR536BT 335362 04/02/2025 Hindi Books
        VIVEKANANDA LIBRARY VIVEKANANDA LIBRARY 30/12/2010   891.491503741 DR536BT 335365 17/09/2023 Hindi Books
        VIVEKANANDA LIBRARY VIVEKANANDA LIBRARY 30/12/2010   891.491503741 DR536BT 339782 17/09/2023 Hindi Books
© Designed and Maintained by Vivekananda Library, MDU Rohtak